| 000 | 00692nam a22002537a 4500 | ||
|---|---|---|---|
| 001 | BR7375942 | ||
| 003 | BR-BrBNA | ||
| 005 | 20230928084450.0 | ||
| 007 | ta | ||
| 008 | 230509b bl.||||| |||| 00| 0 por d | ||
| 040 |
_aBR-BrBNA _bpor _cBiblioteca Nacional de Agricultura |
||
| 041 | _a(Por) | ||
| 072 |
_aF70 _b0310 _b/G514 |
||
| 090 | _ 0310 BR7375942 | ||
| 100 | 1 | _aPoland, C.C. | |
| 110 | 1 |
_aJardim Botanico, Rio de Janeiro, GB (Brasil) _96639 |
|
| 245 | 1 |
_aPalmaceas do Brasil [descricao] _bv. 1 |
|
| 260 | 3 |
_aRio de Janeiro, GB (Brasil): _c1945. |
|
| 300 | _a55 p. | ||
| 650 | _aTAXONOMIA VEGETAL | ||
| 650 | _aPALMEIRA | ||
| 909 |
_a202309 _bLucia _c55 _dLucia Elande |
||
| 942 | _cBK | ||
| 999 |
_c19133 _d19133 |
||